000 01241nam a2200217Ia 4500
001 10391
003 GE_BSU
008 181216s||||||||xx |||||||||||||| ||und||
020 _a9992847182
040 _cGE_BSU
080 _a821.353.1+821.353.1.092+821.353.1-2+821.353.1-92
245 _aქართული მწერლობა 40 ტომად. ტ.22. იონა მეუნარგია,ალექსანდრე სუმბათაშვილი–იუჟინი,მემედ აბაშიძე
245 _cშემდგ.ა.ბაქრაძე.რ.თვარაძე.სარედ.კოლ.გიორგი აბაშიძე და სხვ.ტომის შემდგ.რედ.მანანა კაკაბაძე,მხატვ.გურამ ლონტი
260 _aთბილისი
260 _bნაკადული
260 _c2004
300 _a655გვ.20სმ.
520 _aტომეული თავდაპირველად გამოდიოდა 30ტომად.2007 წლის შემდეგ გამოდის 40 ტომად
653 _aქართული მწერლობა
942 _cBK
999 _c43652
_d43652